Detalles MARC
| 000 -LÍDER |
| Campo fijo de descripción fija |
01543aam a2200277 i 4500 |
| 001 - NÚMERO DE CONTROL |
| Campo de control |
7481 |
| 003 - IDENTIFICADOR DEL NÚMERO DE CONTROL |
| Campo de control |
CO-MdBIC |
| 005 - FECHA Y HORA DE LA ULTIMA TRANSACCIÓN |
| control field |
20190508162715.0 |
| 008 - ELEMENTOS DE LONGITUD FIJA -- INFORMACIÓN GENERAL |
| Campo fijo de descripción fija -- Información general |
190502t2000 ag |||| |||| 00| 0 spa d |
| 020 ## - NÚMERO INTERNACIONAL NORMALIZADO PARA LIBROS |
| Número Internacional Normalizado del libro |
9879403088 |
| 040 ## - FUENTE DE CATALOGACIÓN |
| Agencia de catalogación original |
CO-MdFUSB |
| Idioma de catalogación |
spa |
| Agencia que realiza la transcripción |
CO-MdFUSB |
| Agencia que realiza la modificación |
CO-MdFUSBC |
| Convenciones de la descripción |
rda |
| 041 ## - CÓDIGO DE IDIOMA |
| Código de idioma para texto/pista de sonido o título separado |
spa |
| 082 04 - NÚMERO DE CLASIFICACIÓN DECIMAL DEWEY |
| Número de clasificación |
26 |
| Número de la edición del Dewey |
266.092 |
| Clave de autor-Numero de item |
P882 |
| 100 1# - ASIENTO PRINCIPAL--NOMBRE PERSONAL |
| Nombre personal |
Powell, David R. |
| Término relacionador |
autor |
| 245 1# - TÍTULO |
| Título del Material |
Nos legaron su ejemplo : |
| Parte restante del título - Subtitulo |
semblanzas biográficas. |
| Mención de responsabilidad, etc. |
/ David R.Powell |
| 264 #1 - PRODUCCIÓN, PUBLICACIÓN, DISTRIBUCIÓN, MANUFACTURA, Y COPYRIGHT |
| Lugar de producción, publicación, distribución, manufactura |
Buenos Aires, Argentina : |
| Nombre del productor, publicador, distribuidor |
kairós, |
| Fecha de producción, publicación, distribución, manufactura, o copyright |
[2000] |
| 264 #4 - PRODUCCIÓN, PUBLICACIÓN, DISTRIBUCIÓN, MANUFACTURA, Y COPYRIGHT |
| Fecha de producción, publicación, distribución, manufactura, o copyright |
© 2000 |
| 300 ## - DESCRIPCIÓN FÍSICA |
| Extensión |
89 Pag |
| Dimensiones |
; 21 cm |
| 336 ## - TIPO DE CONTENIDO |
| Término de tipo de contenido |
texto |
| Código de tipo de contenido |
txt |
| Fuente |
rdacontent |
| 337 ## - TIPO DE MEDIO |
| Fuente |
rdamedia |
| Nombre del tipo de medio |
sin mediación |
| Código del tipo de medio |
n |
| 338 ## - TIPO DE SOPORTE |
| Fuente |
rdacarrier |
| Nombre del tipo de soporte |
volumen |
| Código Tipo de soporte |
nc |
| 505 ## - NOTA DE CONTENIDO |
| Nota de contenido con formato preestablecido |
Diego (James) Thomson: "sembrador de escuelas". -- Allen Francis Gardiner " Marino, misionero, mártir". -- Juana Paula Manso de Noronha: "mujer inteligentisíma". -- Federico (Frederick) Crowe: expulsado por testificar en Guatemala. -- Andrés M. (Andrew Murray) Milne."príncipe de los colportores". -- Juan F. (Jhon Francis) Thomson: "apóstol del plata". -- Pablo Entique (Paul Henri) Besson: "Heraldo de la libertad cristiana". -- Francisco (Francesco) G. Penzotti: "apóstol contemporáneo". -- Cecilia Elena Gúelfi: Maestra de "comprobada vocación". -- Guillermo C. (William Case) Morris: "prócer de la civilidad". -- Wilfredo (Wilfred) Barbrooke Grubb: "el livingston de Sudamérica". -- Guillermo S. (William Smith) Payne: "hombre de acción". -- Las esposas. |
| 563 ## - NOTA DE ENCUADERNACIÓN |
| Nota de encuadernación |
Rústico |
| 650 #7 - ASIENTO SECUNDARIO DE MATERIA - TERMINO TEMÁTICO |
| 9 (RLIN) |
931 |
| Término temático o nombre geográfico como elemento de entrada |
Misioneros |
| 942 ## - TIPO DE MATERIAL (KOHA) |
| Tipo de Item KOHA |
Libros General |